000 01292nam a2200253Ia 4500
003 Ost
005 20260507075159.0
008 260507s9999||||xx |||||||||||||| ||und||
020 _a42152499539
040 _cfsecg
041 _aara
082 _a330
100 _aجابر، وليد حيدر
_eمؤلف
245 0 _aالتفويض في إدارة و إستثمار المرافق العامة :
_bدراسة مقارنة /
_c وليد حيدر جابر
260 _aبيروت:
_bمنشورات الحلبي الحقوقية,
_c2009
300 _a687 صفحة؛
_c24 سم
504 _aمراجع ص.657 ؛ المصطلحات ص.655
520 _aالتفويض تحد قانوني اقتصادي مؤسساتي ، موضوع تقنية التفويض ، موقع تقنية التفويض من الطرق الاخرى في تنفيد المرفق العام ، النظام القانوني لتقنية التفويض ، عقد ادارة و استثمار المرفق العام : عقد اداري .الموقف الفرنسي من التحكيم ، الموقف اللبناني من التحكيم .
653 _aالإدارة العامة
653 _aالاستثمار
653 _aالتفويض
653 _aالمرافق العامة
942 _cكتاب
999 _c43389
_d43389